Islamic and comparative law quarterly

Bibliographic Details
New Title:Islamic and comparative law review
Format: Book
Published: New Delhi : Department of Islamic and Comparative Law, Indian Institute of Islamic Studies , 1981-
Subjects:

MARC

LEADER 00000cam a2200000 7i4500
001 0000005295
005 20070924093000.0
008 021118s1981
022 0 |a 0970132X 
090 0 0 |a K9   |b .S58 (C) 
245 0 0 |a Islamic and comparative law quarterly 
260 2 |a New Delhi :   |b Department of Islamic and Comparative Law, Indian Institute of Islamic Studies ,   |c 1981- 
310 |a Quarterly 
362 |a 1st issue: Vol. 1, no. 1 (1981)- 
501 |a Penerbitan diberhentikan buat sementara bermula Vol. 17 (1997) 
650 0 |a Comparative law   |x Periodicals 
650 0 |a Islamic law   |x History   |v Periodicals 
785 0 0 |a Islamic and comparative law review 
999 |a 1000030687   |b Law Periodicals   |c Reference   |e Gong Badak Campus 
999 |a 1000030689   |b Law Periodicals   |c Reference   |e Gong Badak Campus 
999 |a 1000030690   |b Law Periodicals   |c Reference   |e Gong Badak Campus 
999 |a 1000030691   |b Law Periodicals   |c Reference   |e Gong Badak Campus 
999 |a 1000030692   |b Law Periodicals   |c Reference   |e Gong Badak Campus 
999 |a 1000030693   |b Law Periodicals   |c Reference   |e Gong Badak Campus 
999 |a 1000030702   |b Law Periodicals   |c Reference   |e Gong Badak Campus 
999 |a 1000064029   |b Law Periodicals   |c Reference   |e Gong Badak Campus 
999 |a 1000064030   |b Law Periodicals   |c Reference   |e Gong Badak Campus 
999 |a 1000073704   |b Law Periodicals   |c Reference   |e Gong Badak Campus 
999 |a 1000132113   |b Law Periodicals   |c Reference   |e Gong Badak Campus